| 000 | 00633cam a2200181 a 4500 | ||
|---|---|---|---|
| 005 | 20250901165548.0 | ||
| 008 | 850425s1986 maua 001 0 eng | ||
| 010 | _a 85080262 | ||
| 020 | _a0669112232 (pbk.) | ||
| 020 | _a0669086754 (hard) | ||
| 050 | 0 | 0 |
_aQA76 .C58127 1986 _b.C58127 1986 |
| 082 | 0 | 0 |
_a004 _219 |
| 245 | 0 | 0 |
_aComputers and applications : _ban introduction to data processing / _cDaniel L. Slotnick ... [et al.]. |
| 260 |
_aLexington, Mass. : _bD.C. Heath, _cc1986. |
||
| 300 |
_axxxv, 675, 80 p. : _bill. (some col.) ; _c26 cm. |
||
| 500 | _aIncludes index. | ||
| 942 |
_2lcc _hQA76 .C58127 1986 |
||
| 999 |
_c5892 _d5892 |
||